[Event "PRO League KO Stage 2018"]
[Site "chess.com INT"]
[Date "2018.03.13"]
[Round "1"]
[White "Song, Edward"]
[Black "Chen, Forest"]
[Result "1-0"]
[WhiteTitle "FM"]
[WhiteElo "2288"]
[BlackElo "2107"]
[WhiteTeam "Pittsburgh Pawngrabbers"]
[BlackTeam "Saint Louis Arch Bishops"]
[WhiteFideId "2051192"]
[BlackFideId "30908205"]
[EventDate "2018.03.13"]

1. c4 c6 2. Nf3 d5 3. g3 Nf6 4. Bg2 Bg4 5. Ne5 Be6 6. cxd5 Bxd5 7. Nf3 c5 8. Nc3
Bc6 9. O-O Nbd7 10. Re1 e6 11. e4 Qb6 12. d4 cxd4 13. Nxd4 Bc5 14. Be3 Bxd4 15.
Bxd4 Qa5 16. Nd5 Qd8 17. Nb4 O-O 18. Nxc6 bxc6 19. Rc1 e5 20. Be3 Qc7 21. Qa4
Rfc8 22. Bh3 Nb6 23. Qc2 Nbd7 24. Red1 h5 25. Rd3 Ng4 26. Bxg4 hxg4 27. Rc3 Nf6
28. Bg5 Qd6 29. Bxf6 Qxf6 30. Rxc6 Rxc6 31. Qxc6 Qxc6 32. Rxc6 Rd8 33. Ra6 Rd2
34. b3 Rd7 35. Kg2 Kf8 36. h3 gxh3+ 37. Kxh3 Ke8 38. Kg4 Kd8 39. Kf5 Re7 40. Ra5
f6 41. f4 exf4 42. gxf4 g5 43. e5 fxe5 44. fxe5 Rg7 45. Kf6 1-0

[Event "PRO League KO Stage 2018"]
[Site "chess.com INT"]
[Date "2018.03.13"]
[Round "1"]
[White "Song, Edward"]
[Black "Fedoseev, Vladimir3"]
[Result "1/2-1/2"]
[WhiteTitle "FM"]
[BlackTitle "GM"]
[WhiteElo "2288"]
[BlackElo "2724"]
[WhiteTeam "Pittsburgh Pawngrabbers"]
[BlackTeam "Saint Louis Arch Bishops"]
[WhiteFideId "2051192"]
[BlackFideId "24130737"]
[EventDate "2018.03.13"]

1. d4 Nf6 2. c4 e6 3. Nf3 d5 4. g3 Bb4+ 5. Bd2 Be7 6. Bg2 O-O 7. O-O c6 8. Qc2
b6 9. Bf4 Bb7 10. Rd1 Nbd7 11. Ne5 Rc8 12. Nc3 Nh5 13. Bc1 f5 14. Qa4 Nxe5 15.
dxe5 Qc7 16. Bf3 g6 17. Bh6 Rfd8 18. cxd5 cxd5 19. Rac1 Bc6 20. Qd4 Qd7 21. e3
Ng7 22. h4 Bb7 23. Ne2 Ne8 24. Qf4 Ng7 25. Nd4 Kf7 26. Kg2 Rg8 27. Be2 Nh5 28.
Qf3 Bc5 29. Bb5 Qd8 30. Bg5 Be7 31. Rxc8 Qxc8 32. g4 Ng7 33. Bxe7 Kxe7 34. Qf4
Kf7 35. Qh6 fxg4 36. Bd3 Rh8 37. Qf4+ Nf5 38. Bxf5 gxf5 39. Qh6 Rg8 40. Qf6+ Ke8
41. Rc1 Qxc1 42. Qxe6+ Kf8 43. Qf6+ Ke8 44. Qe6+ Kf8 45. Qxf5+ Ke8 46. Qe6+ Kf8
47. Qd6+ Ke8 48. Qe6+ Kf8 49. Qf6+ Ke8 1/2-1/2

[Event "PRO League KO Stage 2018"]
[Site "chess.com INT"]
[Date "2018.03.13"]
[Round "1"]
[White "Tania, Sachdev"]
[Black "Ghosh, Diptayan"]
[Result "1/2-1/2"]
[WhiteTitle "IM"]
[BlackTitle "GM"]
[WhiteElo "2407"]
[BlackElo "2536"]
[WhiteTeam "Delhi Dynamite"]
[BlackTeam "Mumbai Movers"]
[WhiteFideId "5007844"]
[BlackFideId "5045207"]
[EventDate "2018.03.13"]

1. d4 Nf6 2. c4 e6 3. Nf3 b6 4. Nc3 Bb7 5. a3 d5 6. cxd5 Nxd5 7. Qc2 Be7 8. e4
Nxc3 9. bxc3 O-O 10. Bd3 c5 11. O-O Qc7 12. Qe2 Nd7 13. Rd1 Rfd8 14. e5 Rac8 15.
Ng5 Nf8 16. Qg4 cxd4 17. cxd4 Qd7 18. Be3 Bd5 19. h4 f5 20. exf6 Bxf6 21. Ne4 1/2-1/2

[Event "PRO League KO Stage 2018"]
[Site "chess.com INT"]
[Date "2018.03.13"]
[Round "1"]
[White "Kuybokarov, Temur"]
[Black "Kiewra, Keaton"]
[Result "1/2-1/2"]
[WhiteTitle "IM"]
[BlackTitle "IM"]
[WhiteElo "2472"]
[BlackElo "2374"]
[WhiteTeam "Australia Kangaroos"]
[BlackTeam "San Diego Surfers"]
[WhiteFideId "14203049"]
[BlackFideId "2019280"]
[EventDate "2018.03.13"]

1. d4 Nf6 2. c4 g6 3. Nc3 Bg7 4. e4 O-O 5. Be2 d6 6. Be3 Na6 7. Nf3 e5 8. O-O
Ng4 9. Bg5 Qe8 10. c5 exd4 11. Nd5 Qxe4 12. Ne7+ Kh8 13. Nxc8 Nxc5 14. Nd2 Qe5
15. Nf3 Qe4 16. Nd2 Qd5 17. Bh4 Ne5 18. Ne7 Qe6 19. b4 d3 20. bxc5 dxe2 21. Qxe2
g5 22. Bxg5 f6 23. Bh4 Qxe7 24. f4 Ng6 25. Qxe7 Nxe7 26. cxd6 cxd6 27. f5 Nc6
28. Ne4 d5 29. Nc5 b6 30. Ne6 Rfc8 31. Rad1 Ne7 32. Rde1 Ng8 33. Rd1 Ne7 34.
Rde1 Ng8 35. Rd1 Rc4 36. Bg3 Ra4 37. Rxd5 Rxa2 38. Rd7 Bh6 39. Bf4 Rc8 40. Bxh6
Nxh6 41. Rfd1 b5 42. h3 b4 43. Rb7 Nxf5 44. Rdd7 Re2 45. Rxh7+ Kg8 46. Rh5 Rc1+
47. Kh2 Re5 48. Rb8+ Kf7 49. Nf4 a5 50. Rh7+ Ng7 51. Rb7+ Re7 52. Rxg7+ Kxg7 53.
Rxe7+ Kf8 54. Ra7 b3 55. Nd3 Rc3 56. Nb2 Rc2 57. Na4 Ra2 58. Nc3 Rc2 59. Na4 Ra2
60. Nc3 Rc2 61. Nd1 Ra2 62. Kg3 a4 63. Nc3 b2 64. Rb7 Ra3 65. Kg4 Rxc3 66. Rxb2
a3 67. Rb8+ Kg7 68. Ra8 Kg6 69. Kh4 Rc4+ 70. g4 Rc3 71. Ra5 Rd3 72. Ra6 Kg7 73.
Ra7+ Kg6 74. Ra6 Kg7 75. Ra7+ Kg6 76. Ra8 Rc3 77. Ra6 Kg7 78. Ra7+ Kg6 79. Ra6
Kg7 80. Ra5 Kg6 81. Ra6 1/2-1/2

[Event "PRO League KO Stage 2018"]
[Site "chess.com INT"]
[Date "2018.03.13"]
[Round "1"]
[White "Gunina, Valentina"]
[Black "Bacrot, Etienne"]
[Result "1/2-1/2"]
[WhiteTitle "GM"]
[BlackTitle "GM"]
[WhiteElo "2507"]
[BlackElo "2718"]
[WhiteTeam "Cannes Blockbusters"]
[BlackTeam "Marseille Migraines"]
[WhiteFideId "4167570"]
[BlackFideId "605506"]
[EventDate "2018.03.13"]

1. d4 d5 2. c4 e6 3. Nc3 Be7 4. Nf3 Nf6 5. cxd5 exd5 6. Bg5 c6 7. Qc2 g6 8. e3
Bf5 9. Bd3 Bxd3 10. Qxd3 Nbd7 11. O-O O-O 12. h3 Re8 13. Bf4 Bf8 14. Ne5 Nxe5
15. Bxe5 Nd7 16. Bh2 a5 17. Rae1 Bg7 18. f3 Nb6 19. Re2 a4 20. Rd1 Nc4 21. e4 a3
22. bxa3 Rxa3 23. Qc2 dxe4 24. Nxe4 Ne3 25. Qc1 Nxd1 26. Qxa3 Bxd4+ 27. Kf1 Kg7
28. Qb3 f5 29. Nd6 Ne3+ 30. Rxe3 Rxe3 31. Qf7+ Kh8 32. Bf4 Re7 33. Bg5 Re1+ 34.
Kxe1 Qxd6 35. Bf4 Qb4+ 36. Bd2 Qb1+ 37. Ke2 Qb5+ 38. Ke1 Qb1+ 39. Ke2 Qb5+ 40.
Ke1 Qe5+ 41. Kf1 Qg7 42. Qe8+ Qg8 43. Qd7 Bf6 44. Qxb7 Qc4+ 45. Ke1 Qxa2 46.
Qc8+ Kg7 47. Qc7+ Kg8 48. Qxc6 Qf7 49. Kf1 h5 50. Bc3 Bxc3 51. Qxc3 Kh7 52. Kf2
Qe7 53. Qe3 Qf6 54. Qa7+ Kh6 55. Qe3+ Kh7 56. Qa7+ Kh6 57. Qe3+ Kh7 58. Qa7+ Kh6
59. Qe3+ Kh7 1/2-1/2

[Event "PRO League KO Stage 2018"]
[Site "chess.com INT"]
[Date "2018.03.13"]
[Round "1"]
[White "Gunina, Valentina"]
[Black "Maurizzi, Marc Andria"]
[Result "1-0"]
[WhiteTitle "GM"]
[BlackTitle "CM"]
[WhiteElo "2507"]
[BlackElo "2119"]
[WhiteTeam "Cannes Blockbusters"]
[BlackTeam "Marseille Migraines"]
[WhiteFideId "4167570"]
[BlackFideId "36083534"]
[EventDate "2018.03.13"]

1. e4 c5 2. Nf3 Nc6 3. Bb5 g6 4. Bxc6 dxc6 5. h3 Bg7 6. O-O Nf6 7. Nc3 Nd7 8. d3
e5 9. Be3 Qe7 10. Qd2 h6 11. a4 Nf8 12. Ne2 Ne6 13. c3 Bd7 14. Nh2 g5 15. d4 Nf4
16. dxe5 Nxe2+ 17. Qxe2 Bxe5 18. Ng4 O-O-O 19. Nxe5 Qxe5 20. Qc4 Be6 21. Qxc5
Qxc5 22. Bxc5 Rd2 23. b4 b6 24. Bd4 Rd8 25. a5 Kb7 26. axb6 axb6 27. Ra3 Ra2 28.
Rxa2 Bxa2 29. f4 gxf4 30. Rxf4 Re8 31. Rh4 Re6 32. Kf2 Bc4 33. Kf3 Bb3 34. Be3
h5 35. Bd4 Bc2 36. Rf4 Ka6 37. Rh4 Kb7 38. Ke3 f5 39. e5 c5 40. bxc5 bxc5 41.
Bxc5 Rxe5+ 42. Kd2 Be4 43. Bd4 Ra5 44. Rxh5 Ra2+ 45. Ke3 Rxg2 46. Rh6 Rg3+ 47.
Kf4 Rf3+ 48. Ke5 Bc6 49. h4 Rf1 50. h5 f4 51. Rh7+ Ka6 52. Rh6 Kb7 53. Kd6 Be4
54. Re6 Bd3 55. h6 Rh1 56. Rf6 Rh5 57. Rf7+ Ka6 58. Bg7 Bf5 59. c4 f3 60. Bd4
Rxh6+ 61. Ke5 Rb6 62. Bxb6 1-0

[Event "PRO League KO Stage 2018"]
[Site "chess.com INT"]
[Date "2018.03.13"]
[Round "1"]
[White "Harmon-Vellotti, Luke"]
[Black "Li, Zhaoyang"]
[Result "1-0"]
[WhiteTitle "IM"]
[WhiteElo "2459"]
[BlackElo "2091"]
[WhiteTeam "Dallas Destiny"]
[BlackTeam "Chengdu Pandas"]
[WhiteFideId "2030012"]
[BlackFideId "8608237"]
[EventDate "2018.03.13"]

1. e4 e5 2. Nf3 Nf6 3. d4 Nxe4 4. Bd3 d5 5. Nxe5 Nd7 6. Nxd7 Bxd7 7. O-O Be7 8.
c4 Nf6 9. Qb3 Bc6 10. c5 O-O 11. Qc2 a5 12. Bf4 h6 13. Nd2 Bd7 14. Nf3 c6 15.
Rfe1 Re8 16. Ne5 Be6 17. h3 Bf8 18. b3 Nd7 19. Nf3 Qf6 20. Bg3 Rac8 21. Qd2 g5
22. Qxa5 Bxh3 23. Qa7 Bg4 24. Ne5 Nxe5 25. Bxe5 Qe7 26. f3 Be6 27. a4 Qd7 28. a5
Bf5 29. Bxf5 Qxf5 30. Qxb7 g4 31. fxg4 Qxg4 32. Rf1 Re7 33. a6 Rce8 34. Rf4 Qg5
35. Raf1 Bg7 36. Qxc6 Bxe5 37. dxe5 Rxe5 38. Qf6 Qg3 39. Qxf7+ Kh8 40. R4f3 Qg4
41. Qf8+ Rxf8 42. Rxf8+ Kg7 43. R1f7+ Kg6 44. Rg8+ Kxf7 45. Rxg4 Re1+ 46. Kf2
Rc1 47. a7 1-0

[Event "PRO League KO Stage 2018"]
[Site "chess.com INT"]
[Date "2018.03.13"]
[Round "1"]
[White "Skuhala, Luka"]
[Black "Alekseenko, Kirill"]
[Result "0-1"]
[BlackTitle "GM"]
[WhiteElo "2087"]
[BlackElo "2609"]
[WhiteTeam "Ljubljana Turtles"]
[BlackTeam "Stockholm Snowballs"]
[WhiteFideId "14605678"]
[BlackFideId "4135539"]
[EventDate "2018.03.13"]

1. e4 c5 2. Nf3 Nc6 3. d4 cxd4 4. Nxd4 Nf6 5. Nc3 d6 6. Bg5 e6 7. Qd2 a6 8. f4
Bd7 9. O-O-O b5 10. Bxf6 gxf6 11. Kb1 Qb6 12. Nxc6 Bxc6 13. f5 Qc5 14. fxe6 fxe6
15. Bd3 h5 16. Rhf1 Bh6 17. Qe2 Qe5 18. Qf2 Bg7 19. Nd5 Kf7 20. Nf4 h4 21. h3 a5
22. g4 hxg3 23. Qxg3 Bh6 24. Qg6+ Ke7 25. Nd5+ exd5 26. exd5 Rag8 27. Qf5 Qxf5
28. Bxf5 Bd7 29. Bxd7 Kxd7 30. Rxf6 Rh7 31. Rdf1 Bg5 32. Re6 Be7 33. a4 b4 34.
Rf3 Rg5 35. Rd3 Rhh5 36. Rde3 Re5 37. R6xe5 Rxe5 38. Rxe5 dxe5 39. c4 bxc3 40.
bxc3 Kd6 41. c4 Kc5 42. h4 Bxh4 0-1

[Event "PRO League KO Stage 2018"]
[Site "chess.com INT"]
[Date "2018.03.13"]
[Round "1"]
[White "Skuhala, Luka"]
[Black "Meier, Georg"]
[Result "0-1"]
[BlackTitle "GM"]
[WhiteElo "2087"]
[BlackElo "2648"]
[WhiteTeam "Ljubljana Turtles"]
[BlackTeam "Stockholm Snowballs"]
[WhiteFideId "14605678"]
[BlackFideId "4675789"]
[EventDate "2018.03.13"]

1. e4 e6 2. d4 d5 3. exd5 exd5 4. Bd3 Nc6 5. c3 Bd6 6. Qf3 Nf6 7. Bg5 Bg4 8.
Qxg4 Nxg4 9. Bxd8 Nxd8 10. h3 Nf6 11. Nd2 Ne6 12. Ne2 O-O 13. g3 Rae8 14. f4 g6
15. Kf2 Re7 16. Rhe1 c5 17. Kf3 Rfe8 18. Bb5 Rc8 19. dxc5 Bxc5 20. Nb3 Ne4 21.
Nxc5 N6xc5 22. Rad1 a6 23. Bd3 Rce8 24. Bc2 Nxg3 25. Kxg3 Rxe2 26. Rxe2 Rxe2 27.
Rxd5 Rxc2 28. Rxc5 Rxb2 29. a4 Ra2 30. Rc7 Rxa4 31. Rxb7 Rc4 32. Rb3 a5 33. Ra3
a4 34. Kg4 Kg7 35. Kf3 Kf6 36. Kg2 Kf5 37. Ra1 h5 38. Ra2 Ke4 39. Kg3 Kd3 40.
Ra3 Kc2 0-1

[Event "PRO League KO Stage 2018"]
[Site "chess.com INT"]
[Date "2018.03.13"]
[Round "1"]
[White "Ghosh, Diptayan"]
[Black "Gupta, Abhijeet"]
[Result "1/2-1/2"]
[WhiteTitle "GM"]
[BlackTitle "GM"]
[WhiteElo "2536"]
[BlackElo "2615"]
[WhiteTeam "Mumbai Movers"]
[BlackTeam "Delhi Dynamite"]
[WhiteFideId "5045207"]
[BlackFideId "5010608"]
[EventDate "2018.03.13"]

1. Nf3 Nf6 2. g3 g6 3. Bg2 Bg7 4. O-O O-O 5. d4 d5 6. c4 c6 7. Nbd2 Bf5 8. b3 a5
9. Nh4 Be6 10. e3 a4 11. Ba3 b5 12. Qe2 Qd7 13. Nhf3 Qb7 14. cxb5 cxb5 15. bxa4
Rxa4 16. Bb2 Ne4 17. Nb3 Rc8 18. Ne5 Na6 19. Nd3 Qb6 20. Nf4 Rac4 21. Rfc1 Nb4
22. Bxe4 dxe4 23. Nxe6 Qxe6 24. Nc5 Qd5 25. a3 R8xc5 26. dxc5 Nd3 27. Rxc4 Bxb2
28. Rxe4 Bxa1 29. Rd4 Bxd4 30. Qxd3 Qxc5 31. exd4 Qd5 32. Qc3 Kg7 33. Qb4 e6 34.
a4 bxa4 35. Qxa4 g5 36. Qb4 h5 37. Qc3 Kg6 38. Qe3 h4 39. g4 f5 40. gxf5+ Kxf5
41. f3 Kf6 42. Kf2 Qd6 43. Kg2 Qd5 44. Kg1 h3 45. Kf2 Qa2+ 46. Qe2 Qd5 47. Kg3 1/2-1/2

[Event "PRO League KO Stage 2018"]
[Site "chess.com INT"]
[Date "2018.03.13"]
[Round "1"]
[White "Andriasian, Zaven"]
[Black "Kukk, Sander"]
[Result "1-0"]
[WhiteTitle "GM"]
[WhiteElo "2586"]
[BlackElo "2188"]
[WhiteTeam "Armenia Eagles"]
[BlackTeam "Estonia Horses"]
[WhiteFideId "13302000"]
[BlackFideId "4502094"]
[EventDate "2018.03.13"]

1. e4 g6 2. d4 Bg7 3. Nc3 c6 4. h3 d5 5. Nf3 Nf6 6. e5 Ne4 7. Bd3 Nxc3 8. bxc3
Qc7 9. Bf4 e6 10. h4 h5 11. c4 Nd7 12. O-O dxc4 13. Bxc4 Nb6 14. Bd3 c5 15. c3
Bd7 16. Ng5 c4 17. Be4 Bc6 18. Qf3 Nd5 19. Bd2 b5 20. Rfe1 a5 21. a3 Rf8 22. Nh7
Rh8 23. Ng5 Rf8 24. Qg3 O-O-O 25. Bf3 Kb7 26. Ne4 Rg8 27. Nd6+ Ka6 28. a4 b4 29.
cxb4 Nxb4 30. Bxc6 Qxc6 31. Rec1 Rxd6 32. exd6 Bxd4 33. Rab1 Nd5 34. d7 e5 35.
Rb5 c3 36. Qd3 Ka7 37. Rxa5+ Kb7 38. Be3 Kc7 39. Bxd4 exd4 40. Qxd4 1-0

[Event "PRO League KO Stage 2018"]
[Site "chess.com INT"]
[Date "2018.03.21"]
[Round "2"]
[White "Chen, Forest"]
[Black "Mitkov, Nikola"]
[Result "1-0"]
[BlackTitle "GM"]
[WhiteElo "2107"]
[BlackElo "2454"]
[WhiteTeam "Saint Louis Arch Bishops"]
[BlackTeam "Minnesota Blizzard"]
[WhiteFideId "30908205"]
[BlackFideId "15000290"]
[EventDate "2018.03.13"]

1. d4 d5 2. c4 e6 3. Nf3 Nf6 4. g3 dxc4 5. Qa4+ Bd7 6. Qxc4 Nc6 7. Bg2 Na5 8.
Qc2 Rc8 9. Nc3 c5 10. dxc5 Bxc5 11. O-O Bc6 12. Bg5 O-O 13. Rad1 Qe7 14. e4 h6
15. Bh4 e5 16. Bxf6 Qxf6 17. Nd5 Bxd5 18. Rxd5 Bb6 19. Qe2 Nc6 20. Kh1 Rfe8 21.
Bh3 Rc7 22. Bd7 Re7 23. Bxc6 bxc6 24. Rd8+ Kh7 25. Rfd1 Qe6 26. R1d6 Qg4 27. Kg2
Rc8 28. Ng5+ Qxg5 29. Rxc8 c5 30. h4 Qc1 31. Qg4 g6 32. Qf3 f5 33. exf5 g5 34.
Qh5 Rg7 35. Qxh6# 1-0

[Event "PRO League KO Stage 2018"]
[Site "chess.com INT"]
[Date "2018.03.21"]
[Round "2"]
[White "Chen, Forest"]
[Black "Flores Rios, Mauricio"]
[Result "0-1"]
[BlackTitle "GM"]
[WhiteElo "2107"]
[BlackElo "2529"]
[WhiteTeam "Saint Louis Arch Bishops"]
[BlackTeam "Minnesota Blizzard"]
[WhiteFideId "30908205"]
[BlackFideId "3408027"]
[EventDate "2018.03.13"]

1. d4 d6 2. c4 e5 3. Nf3 e4 4. Ng5 f5 5. g3 Be7 6. h4 Nf6 7. Bg2 O-O 8. O-O h6
9. Nh3 Be6 10. b3 Bf7 11. Nc3 c5 12. d5 Nbd7 13. Qc2 a6 14. a4 Ne5 15. Bb2 Nfg4
16. Qd2 Qb6 17. Ra3 Rae8 18. Nd1 Qd8 19. Ra2 Kh7 20. f3 Nf6 21. Ne3 Qd7 22. Qc2
Nh5 23. Kh2 exf3 24. Bxf3 Nxf3+ 25. exf3 Bg6 26. Qd2 f4 27. Nxf4 Nxf4 28. gxf4
Rxf4 29. Ng2 Rf7 30. Ba1 Ref8 31. Qe3 Qf5 32. Raf2 Qh5 33. f4 Bxh4 34. Nxh4
Qxh4+ 35. Kg2 b5 36. axb5 axb5 37. Qh3 Qe7 38. Qg3 Qe4+ 39. Kh2 Rf5 40. Rg2 Rh5+
41. Kg1 Qf5 42. Qg4 Rf7 43. Qxf5 Bxf5 44. Re1 Rh3 45. cxb5 Rxb3 46. Kh2 Rxb5 47.
Reg1 Rbb7 48. Bc3 Be4 49. Rd2 Rxf4 50. Re2 g5 51. Bd2 Rh4+ 52. Kg3 Rf7 53. Re3
Bxd5 54. Rd3 Be4 55. Ra3 Kg6 56. Re1 h5 57. Ra4 Rg4+ 58. Kh2 Rf2+ 59. Kh3 Bg2+
60. Kh2 0-1

[Event "PRO League KO Stage 2018"]
[Site "chess.com INT"]
[Date "2018.03.21"]
[Round "2"]
[White "Smirnov, Anton"]
[Black "Ni, Hua"]
[Result "0-1"]
[WhiteTitle "GM"]
[BlackTitle "GM"]
[WhiteElo "2543"]
[BlackElo "2670"]
[WhiteTeam "Australia Kangaroos"]
[BlackTeam "Chengdu Pandas"]
[WhiteFideId "3208923"]
[BlackFideId "8601160"]
[EventDate "2018.03.13"]

1. d4 Nf6 2. c4 e6 3. Nf3 d5 4. Nc3 Bb4 5. cxd5 exd5 6. Bg5 h6 7. Bh4 O-O 8. e3
Bf5 9. Qb3 Nc6 10. Be2 g5 11. Bg3 Ne4 12. Nd2 Bxc3 13. bxc3 Nxd2 14. Kxd2 Na5
15. Qb4 b6 16. Rhd1 Re8 17. Ke1 Qe7 18. Rac1 Rac8 19. Ba6 Rcd8 20. Kf1 c6 21.
Kg1 Qe6 22. Re1 Qg6 23. Rcd1 h5 24. h4 Be4 25. hxg5 Qxg5 26. Bf1 Re6 27. Qb2 Rg6
28. Bf4 Qg4 29. f3 Bxf3 30. Rd2 Nc4 31. Bxc4 dxc4 32. Rf2 Be4 33. Be5 f6 34. Bf4
Kh7 35. Qe2 Qh3 36. Qb2 Rdg8 37. Ree2 Rg4 38. a3 Rh4 39. Rf1 Rxg2+ 40. Rxg2 Qh1+ 0-1

[Event "PRO League KO Stage 2018"]
[Site "chess.com INT"]
[Date "2018.03.21"]
[Round "2"]
[White "Smirnov, Anton"]
[Black "Chu, Ruotong"]
[Result "1-0"]
[WhiteTitle "GM"]
[WhiteElo "2543"]
[BlackElo "2284"]
[WhiteTeam "Australia Kangaroos"]
[BlackTeam "Chengdu Pandas"]
[WhiteFideId "3208923"]
[BlackFideId "8605653"]
[EventDate "2018.03.13"]

1. e4 e5 2. Nf3 Nf6 3. Nc3 Nc6 4. Bb5 Bb4 5. O-O O-O 6. d3 d6 7. Bg5 a6 8. Bxf6
gxf6 9. Bxc6 bxc6 10. Nh4 Bxc3 11. bxc3 Kh8 12. f4 exf4 13. Rxf4 d5 14. Qh5 dxe4
15. Rxe4 Rg8 16. Qxf7 Qf8 17. Qxf8 Rxf8 18. Re7 Rb8 19. Rxc7 Rb2 20. Re1 Rb7 21.
Ree7 Rxc7 22. Rxc7 Be6 23. Rxc6 Bxa2 24. Rxa6 Bb1 25. Rd6 Bxc2 26. c4 Ra8 27.
Nf5 Kg8 28. Kf2 Ra2 29. Ke3 Bd1 30. Kd4 Rxg2 31. Ne3 Rd2 32. Nxd1 Rxd1 33. Rxf6
Rd2 34. h4 Kg7 35. Rf4 Kg6 36. c5 1-0

[Event "PRO League KO Stage 2018"]
[Site "chess.com INT"]
[Date "2018.03.21"]
[Round "2"]
[White "Bacrot, Etienne"]
[Black "Lenic, Luka"]
[Result "1/2-1/2"]
[WhiteTitle "GM"]
[BlackTitle "GM"]
[WhiteElo "2718"]
[BlackElo "2662"]
[WhiteTeam "Marseille Migraines"]
[BlackTeam "Ljubljana Turtles"]
[WhiteFideId "605506"]
[BlackFideId "14603853"]
[EventDate "2018.03.13"]

1. d4 Nf6 2. c4 e6 3. Nf3 d5 4. e3 Be7 5. b3 O-O 6. Bd3 b6 7. O-O Bb7 8. Bb2
Nbd7 9. Nc3 c5 10. cxd5 exd5 11. Qe2 a6 12. Rfd1 Re8 13. Rac1 Bf8 14. h3 Qe7 15.
Bf5 Rad8 16. Bxd7 Nxd7 17. dxc5 Nxc5 18. Nd4 Qg5 19. Qf3 Qg6 20. Nce2 Qe4 21.
Nc3 Qg6 22. Nce2 Qe4 23. Nf4 Qxf3 24. Nxf3 a5 25. Nd4 f6 26. Nb5 Rd7 27. Bd4 Kf7
28. Nc3 g5 29. Nfxd5 Bxd5 30. Bxc5 Bxc5 31. Rxd5 Rxd5 32. Nxd5 f5 33. Kf1 Rd8
34. Rd1 a4 35. bxa4 Ra8 36. Nc3 Bb4 37. Nb5 Bc5 38. Rd7+ Ke6 39. Rxh7 Rxa4 40.
Ra7 Rb4 41. Nc3 Rb2 42. Na4 Rc2 43. Ra6 Ke5 44. Nxb6 Ke4 45. Nd7 Bb4 46. Nf6+
Ke5 47. g3 Rc1+ 48. Kg2 Be1 49. Nd7+ Ke4 50. Ra4+ Kd5 51. Rd4+ Ke6 52. Nb6 Rc2
53. Kf1 Bxf2 54. Rc4 Rxa2 55. Rc6+ Ke5 56. g4 fxg4 57. hxg4 Bxe3 58. Nc4+ Kd4
59. Nxe3 Kxe3 60. Rf6 Ra4 61. Kg2 Rxg4+ 62. Kh3 Rf4 63. Rg6 Kf3 64. Rxg5 Ke4 65.
Rg4 Rxg4 66. Kxg4 1/2-1/2

[Event "PRO League KO Stage 2018"]
[Site "chess.com INT"]
[Date "2018.03.21"]
[Round "2"]
[White "Bacrot, Etienne"]
[Black "Skuhala, Luka"]
[Result "1-0"]
[WhiteTitle "GM"]
[WhiteElo "2718"]
[BlackElo "2087"]
[WhiteTeam "Marseille Migraines"]
[BlackTeam "Ljubljana Turtles"]
[WhiteFideId "605506"]
[BlackFideId "14605678"]
[EventDate "2018.03.13"]

1. d4 Nf6 2. Nf3 e6 3. c4 d5 4. e3 Bb4+ 5. Nbd2 dxc4 6. Bxc4 O-O 7. O-O a6 8. a3
Be7 9. b4 b5 10. Bd3 Bb7 11. Bb2 Nbd7 12. Nb3 Be4 13. Rc1 Nb6 14. Na5 Bd6 15.
Be2 Rb8 16. Ne5 Rc8 17. f3 Ba8 18. e4 Na4 19. Ba1 c5 20. dxc5 Bxc5+ 21. Rxc5
Nxc5 22. Qxd8 Rfxd8 23. bxc5 Rxc5 24. Bd1 Nd7 25. Nd3 Rcc8 26. Nb4 Nc5 27. Be2
h6 28. Kf2 f6 29. Ke3 e5 30. Rc1 Kf7 31. Rc2 g6 32. g4 Ke6 33. Bc3 Na4 34. Be1
Rxc2 35. Nxc2 Rc8 36. Bd3 Nc5 37. Nb4 Nb7 38. Nxa6 Nxa5 39. Bxa5 Bb7 40. Nc7+
Kd7 41. Bxb5+ Bc6 42. Bxc6+ Kxc6 43. Nd5 Rf8 44. Bb4 Rf7 45. Ne7+ Kb5 46. Nxg6
Kc4 47. Ne7 1-0

[Event "PRO League KO Stage 2018"]
[Site "chess.com INT"]
[Date "2018.03.21"]
[Round "2"]
[White "Fedoseev, Vladimir3"]
[Black "Tang, Andrew"]
[Result "1-0"]
[WhiteTitle "GM"]
[BlackTitle "IM"]
[WhiteElo "2724"]
[BlackElo "2509"]
[WhiteTeam "Saint Louis Arch Bishops"]
[BlackTeam "Minnesota Blizzard"]
[WhiteFideId "24130737"]
[BlackFideId "2059630"]
[EventDate "2018.03.13"]

1. e4 e5 2. Nf3 Nc6 3. Bb5 a6 4. Ba4 Nf6 5. d3 d6 6. c3 g6 7. h3 Bg7 8. Nbd2 b5
9. Bc2 O-O 10. O-O Re8 11. Re1 Bb7 12. Nh2 d5 13. Nb3 Qd6 14. Be3 d4 15. cxd4
Nxd4 16. Bxd4 exd4 17. Nf3 Nh5 18. Na5 Bc8 19. Bb3 c5 20. a4 Bh6 21. Bd5 Rb8 22.
axb5 axb5 23. Nc6 Rb6 24. Ra7 Be6 25. Nfe5 Rf8 26. Bxe6 Qxe6 27. Ne7+ Kh8 28.
Nd5 Rd6 29. Re7 Bg7 30. f4 c4 31. dxc4 bxc4 32. Rxe6 fxe6 33. Nxc4 Rc6 34. Ne5
Rd6 35. g4 exd5 36. gxh5 Rxf4 37. Nd3 Rxe4 38. Rxe4 dxe4 39. Qg4 1-0

[Event "PRO League KO Stage 2018"]
[Site "chess.com INT"]
[Date "2018.03.21"]
[Round "2"]
[White "Fedoseev, Vladimir3"]
[Black "Gurevich, Daniel"]
[Result "1-0"]
[WhiteTitle "GM"]
[BlackTitle "IM"]
[WhiteElo "2724"]
[BlackElo "2471"]
[WhiteTeam "Saint Louis Arch Bishops"]
[BlackTeam "Minnesota Blizzard"]
[WhiteFideId "24130737"]
[BlackFideId "2044676"]
[EventDate "2018.03.13"]

1. e4 c6 2. d4 d5 3. e5 Bf5 4. Nf3 e6 5. Be2 Ne7 6. O-O c5 7. dxc5 Nec6 8. Be3
Nd7 9. c4 dxc4 10. Na3 Bxc5 11. Nxc4 O-O 12. Qb3 Be4 13. Bxc5 Nxc5 14. Qa3 Bxf3
15. Bxf3 Qd4 16. Bxc6 bxc6 17. Na5 Qxe5 18. Rac1 Ne4 19. Nxc6 Qg5 20. Qe3 Qxe3
21. fxe3 f5 22. b4 a6 23. Rfd1 Rf7 24. Na5 g5 25. Rc6 Re7 26. Kf1 Kf7 27. Ke2 h5
28. Rd4 h4 29. Rc2 Kf6 30. Nb3 Rb8 31. Rc6 h3 32. g4 Reb7 33. gxf5 Kxf5 34. a3
Rb6 35. Rc1 Nf6 36. Na5 e5 37. Rdd1 g4 38. Rc7 Kg6 39. Nc4 Re6 40. Rg1 Rd8 41.
Rc5 e4 42. Ne5+ Kg7 43. Nxg4 Kf7 44. Ne5+ Kf8 45. Rg3 Rd5 46. Ng6+ Kf7 47. Rc7+
Ke8 48. Nf4 Nh5 49. Rg8# 1-0